000
00329 a2200157 4500
001
168300
020
_a
040
_c
Magnum
100
_a
Carnaval, Paulo Eduardo
240
1
0
_a
Musculacao aplicada
_l
por
245
1
0
_a
Musculacao aplicada
362
0
_a
1899
440
1
_a
Sprint
697
_a
EDUCACAO FISICA
942
_c
BK
999
_c
168300
_d
168300